Statystyki dla Kraje Ameryki Środkowej

Kliknij tutaj aby rozwiązać quiz!

Ogólne statystyki

  • Ten quiz został rozwiązany 54 razy
  • Średni wynik to 12 z 20

Statystyki odpowiedzi

Kraj% Poprawnych
Dominika
85%
Jamajka
80%
Kuba
80%
Panama
80%
Honduras
73%
Dominikana
71%
Kostaryka
71%
Belize
68%
Gwatemala
66%
Salwador
66%
Haiti
63%
Nikaragua
63%
Bahamy
61%
Barbados
54%
Antigua i Barbuda
51%
Saint Lucia
44%
Saint Vincent i Grenadyny
44%
Saint Kitts i Nevis
37%
Grenada
34%
Portoryko
20%

Rozkład punktacji

Percentyl według liczby udzielonych odpowiedzi

Procent ludzi z każdym wynikiem

Twoja historia wyników

Nie rozwiązałeś tego quizu